[Event "Ibague op"]
[Site "Ibague"]
[Date "2021.10.21"]
[Round "3"]
[White "Sanchez, Carlos Fernando"]
[Black "Corredor Sanchez, Fabian Ricardo"]
[Result "0-1"]
[WhiteElo "1853"]
[BlackElo "2055"]
[PlyCount "94"]
[EventDate "2021.10.20"]
[EventType "swiss"]
[EventRounds "9"]
[EventCountry "COL"]
[SourceTitle "CBM 204 Extra"]
[Source "ChessBase"]
[SourceDate "2021.11.30"]
[SourceVersion "1"]
[SourceVersionDate "2021.11.30"]
[SourceQuality "1"]

1. d4 d5 2. Nf3 Nf6 3. Bf4 Bf5 4. e3 e6 5. c4 Bxb1 6. Qa4+ Qd7 7. Qxd7+ Nbxd7 8. Rxb1 Bb4+ 9. Kd1 Ne4 10. Bg3 0-0 11. Bd3 Ndf6 12. Kc2 dxc4 13. Bxc4 Rac8 14. Bd3 c5 15. Bxe4 Nxe4 16. Kd3 f5 17. Rhc1 Rfd8 18. a3 Ba5 19. Rc2 cxd4 20. Rxc8 Rxc8 21. Nxd4 Kf7 22. f3 Nxg3 23. hxg3 Kf6 24. b4 Bb6 25. Nb3 e5 26. Rc1 Rxc1 27. Nxc1 Ke6 28. Ne2 g6 29. Nc3 a6 30. e4 Bf2 31. Ne2 Be1 32. Kc4 Kd6 33. Kd3 Kc6 34. f4 exf4 35. gxf4 fxe4+ 36. Kxe4 Kb5 37. g4 Ka4 38. Nd4 Bh4 39. Nc2 Kb3 40. Kd3 h5 41. f5 hxg4 42. fxg6 Bf6 43. Nd4+ Kxa3 44. b5 g3 45. bxa6 bxa6 46. g7 Bxg7 47. Nf5 g2 0-1

[Event "Puerto Rico Inv"]
[Site "Caguas"]
[Date "2021.05.02"]
[Round "5"]
[White "Corredor Sanchez, Fabian Ricardo"]
[Black "Vazquez Maccarini, Danitza"]
[Result "1/2-1/2"]
[WhiteElo "2056"]
[BlackElo "2090"]
[PlyCount "127"]
[EventDate "2021.04.30"]
[EventType "swiss"]
[EventRounds "5"]
[EventCountry "PUR"]
[SourceTitle "EXT 2023"]
[Source "ChessBase"]
[SourceDate "2022.10.05"]
[SourceVersion "1"]
[SourceVersionDate "2022.10.05"]
[SourceQuality "1"]

1. e4 e5 2. Bc4 Nf6 3. d3 c6 4. Nf3 d5 5. Bb3 Bd6 6. exd5 cxd5 7. Nc3 Be6 8. Bg5 Bb4 9. 0-0 Bxc3 10. bxc3 Nbd7 11. Re1 Qc7 12. Nxe5 Nxe5 13. Bf4 Nfd7 14. d4 Qxc3 15. Bxe5 Nxe5 16. Rxe5 0-0 17. Rb1 Rfd8 18. Re3 Qc6 19. Qf3 Qd7 20. Rbe1 Rac8 21. h3 h6 22. Qh5 Rc7 23. Rg3 Kh7 24. Re5 g6 25. Qf3 a5 26. c3 b5 27. Bc2 b4 28. Qf6 Rg8 29. Bxg6+ fxg6 30. Rxe6 Qg7 31. cxb4 Qxf6 32. Rxf6 axb4 33. Rd6 Rc1+ 34. Kh2 Rc2 35. a3 bxa3 36. Rxa3 Rxf2 37. Rxd5 h5 38. Rd3 h4 39. Rd1 Re8 40. Rg5 Kh6 41. Rg4 g5 42. d5 Ree2 43. Rc1 Rd2 44. Rc6+ Kh5 45. Rc8 Rxd5 46. Rc1 Kg6 47. Rc6+ Kf5 48. Rc1 Rf4 49. Rxf4+ gxf4 50. Re1 Rd2 51. Re8 Kg5 52. Rg8+ Kf5 53. Rf8+ Ke4 54. Re8+ Kd3 55. Kg1 Re2 56. Rh8 Ke3 57. Rxh4 f3 58. gxf3 Kxf3 59. Rg4 Re1+ 60. Kh2 Re2+ 61. Kh1 Re1+ 62. Kh2 Re2+ 63. Kh1 Re1+ 64. Kh2 1/2-1/2

[Event "Puerto Rico Inv"]
[Site "Caguas"]
[Date "2021.05.01"]
[Round "2"]
[White "Corredor Sanchez, Fabian Ricardo"]
[Black "Ramirez Lopez, Carlos"]
[Result "1/2-1/2"]
[WhiteElo "2056"]
[BlackElo "2119"]
[PlyCount "99"]
[EventDate "2021.04.30"]
[EventType "swiss"]
[EventRounds "5"]
[EventCountry "PUR"]
[SourceTitle "EXT 2023"]
[Source "ChessBase"]
[SourceDate "2022.10.05"]
[SourceVersion "1"]
[SourceVersionDate "2022.10.05"]
[SourceQuality "1"]

1. e4 d6 2. d4 Nf6 3. Nc3 g6 4. Be2 Bg7 5. Be3 c6 6. Qd2 b5 7. a3 0-0 8. Bh6 e5 9. Nf3 Qe7 10. dxe5 dxe5 11. Qg5 Re8 12. Rd1 Nbd7 13. Nh4 Nc5 14. 0-0 Ne6 15. Qe3 Bxh6 16. Qxh6 Nf4 17. Bf3 Ng4 18. Bxg4 Bxg4 19. Rd2 Rad8 20. Rxd8 Rxd8 21. g3 Ne6 22. f3 Bh3 23. Nxg6 Qc5+ 24. Rf2 hxg6 25. Qxh3 Rd2 26. Qf1 Rxc2 27. Kg2 Nd4 28. Qg1 Rxf2+ 29. Qxf2 Qc4 30. h4 a5 31. Nd1 Qd3 32. Ne3 Kg7 33. Ng4 f6 34. Qe3 Qc2+ 35. Kh3 Qd1 36. Qh6+ Kf7 37. Qh7+ Ke6 38. Qg8+ Kd6 39. Qf8+ Kc7 40. Qe7+ Kc8 41. Qe8+ Kb7 42. Qd7+ Kb6 43. Qd8+ Ka7 44. Qc7+ Ka6 45. Qc8+ Kb6 46. Qb8+ Ka6 47. Qa8+ Kb6 48. Qb8+ Ka6 49. Qa8+ Kb6 50. Qb8+ 1/2-1/2

[Event "Sabadell op 12th"]
[Site "Sabadell"]
[Date "2019.09.03"]
[Round "2"]
[White "Corredor Sanchez, Fabian Ricardo"]
[Black "Stella, Andrea"]
[Result "0-1"]
[WhiteElo "2068"]
[BlackElo "2487"]
[PlyCount "34"]
[EventDate "2019.09.02"]
[EventType "swiss"]
[EventRounds "9"]
[EventCountry "ESP"]
[SourceTitle "EXT 2020"]
[Source "ChessBase"]
[SourceDate "2019.10.17"]
[SourceVersion "1"]
[SourceVersionDate "2019.10.17"]
[SourceQuality "1"]

1. e4 e6 2. b3 d5 3. Bb2 dxe4 4. Nc3 Nf6 5. Qe2 Be7 6. 0-0-0 0-0 7. g4 Nc6 8. Nxe4 a5 9. a4 Nd4 10. Qe3 e5 11. Nxf6+ Bxf6 12. h3 Re8 13. Nf3 Bd7 14. Nxe5 Rxe5 15. Qxd4 Re1 16. Rxe1 Bxd4 17. Bd3 b5 0-1

[Event "Gachantiva op 9th"]
[Site "Gachantiva"]
[Date "2019.06.22"]
[Round "3"]
[White "Rativa Jimenez, Cesar Daniel"]
[Black "Corredor Sanchez, Fabian Ricardo"]
[Result "1-0"]
[WhiteElo "1815"]
[BlackElo "2092"]
[PlyCount "43"]
[EventDate "2019.06.21"]
[EventType "swiss"]
[EventRounds "7"]
[EventCountry "COL"]
[SourceTitle "CBM 191 Extra"]
[Source "ChessBase"]
[SourceDate "2019.09.30"]
[SourceVersion "1"]
[SourceVersionDate "2019.09.30"]
[SourceQuality "1"]

1. e4 c5 2. Nf3 d6 3. d4 cxd4 4. Nxd4 Nf6 5. Nc3 g6 6. Bc4 Bg7 7. Be3 0-0 8. f3 Nc6 9. Qd2 Bd7 10. Bb3 Qa5 11. 0-0-0 Rac8 12. h4 h5 13. Kb1 Ne5 14. Nd5 Qxd2 15. Rxd2 Nxd5 16. Bxd5 Nc4 17. Bxc4 Rxc4 18. Rhd1 Rfc8 19. Ne2 a6 20. Nf4 Be6 21. Nxe6 fxe6 22. c3 1-0

[Event "COL-ch sf1"]
[Site "Medellin"]
[Date "2019.04.21"]
[Round "10"]
[White "Rios Parra, Alejandro"]
[Black "Corredor Sanchez, Fabian Ricardo"]
[Result "0-1"]
[WhiteElo "2283"]
[BlackElo "2045"]
[PlyCount "30"]
[EventDate "2019.04.16"]
[EventType "swiss"]
[EventRounds "10"]
[EventCountry "COL"]
[SourceTitle "CBM 190 Extra"]
[Source "ChessBase"]
[SourceDate "2019.07.15"]
[SourceVersion "1"]
[SourceVersionDate "2019.07.15"]
[SourceQuality "1"]

1. e4 c5 2. Nf3 d6 3. d4 cxd4 4. Nxd4 Nf6 5. Nc3 g6 6. Be3 Bg7 7. f3 0-0 8. Qd2 Nc6 9. Bc4 Bd7 10. 0-0-0 Ne5 11. Bb3 Qa5 12. h4 h5 13. Kb1 Rfc8 14. Bg5 Nc4 15. Bxc4 Rxc4 0-1

[Event "COL-ch sf1"]
[Site "Medellin"]
[Date "2019.04.18"]
[Round "5"]
[White "Corredor Sanchez, Fabian Ricardo"]
[Black "Valderrama Espinosa, Gilberto"]
[Result "0-1"]
[WhiteElo "2045"]
[BlackElo "2254"]
[PlyCount "82"]
[EventDate "2019.04.16"]
[EventType "swiss"]
[EventRounds "10"]
[EventCountry "COL"]
[SourceTitle "CBM 190 Extra"]
[Source "ChessBase"]
[SourceDate "2019.07.15"]
[SourceVersion "1"]
[SourceVersionDate "2019.07.15"]
[SourceQuality "1"]

1. e4 a6 2. Bc4 e6 3. d4 d5 4. exd5 exd5 5. Bd3 Nc6 6. c3 Bd6 7. Nf3 Nge7 8. Bg5 Bg4 9. Nbd2 Qd7 10. 0-0 0-0 11. Re1 f6 12. Bh4 Rae8 13. Qb3 Kh8 14. Bg3 Na5 15. Qc2 g6 16. Re2 Be6 17. Nh4 Bxg3 18. fxg3 Kg7 19. Rae1 Bf7 20. b4 Nac6 21. Nb3 Nd8 22. Nc5 Qd6 23. Nf3 Nc8 24. Qd2 Rxe2 25. Rxe2 Re8 26. Qf4 Rxe2 27. Bxe2 Qe7 28. Qd2 Nd6 29. Bd3 Be8 30. g4 N8f7 31. h4 Bb5 32. Bc2 b6 33. Nd3 Nc4 34. Qf4 Ne3 35. Nde1 g5 36. hxg5 fxg5 37. Qg3 h6 38. Ne5 Nf1 39. Ng6 Nxg3 40. Nxe7 Ne2+ 41. Kf2 Nxc3 0-1

[Event "COL-ch sf1"]
[Site "Medellin"]
[Date "2019.04.18"]
[Round "4"]
[White "Otalora Pacheco, Carlos Eduardo"]
[Black "Corredor Sanchez, Fabian Ricardo"]
[Result "1/2-1/2"]
[WhiteElo "2199"]
[BlackElo "2045"]
[PlyCount "25"]
[EventDate "2019.04.16"]
[EventType "swiss"]
[EventRounds "10"]
[EventCountry "COL"]
[SourceTitle "CBM 190 Extra"]
[Source "ChessBase"]
[SourceDate "2019.07.15"]
[SourceVersion "1"]
[SourceVersionDate "2019.07.15"]
[SourceQuality "1"]

1. d4 d5 2. c4 e6 3. Nf3 Nf6 4. Bg5 Be7 5. e3 0-0 6. Nc3 b6 7. Bd3 Bb7 8. 0-0 c5 9. Rc1 Nc6 10. cxd5 exd5 11. Bb1 Ne4 12. Bxe7 Nxe7 13. dxc5 1/2-1/2

[Event "COL-ch"]
[Site "Bogota"]
[Date "2018.11.08"]
[Round "4"]
[White "Cuellar Canosa, Nicolas"]
[Black "Corredor Sanchez, Fabian Ricardo"]
[Result "0-1"]
[WhiteElo "1792"]
[BlackElo "2047"]
[PlyCount "114"]
[EventDate "2018.11.06"]
[EventType "swiss"]
[EventRounds "9"]
[EventCountry "COL"]
[SourceTitle "CBM 187 Extra"]
[Source "ChessBase"]
[SourceDate "2018.11.04"]
[SourceVersion "1"]
[SourceVersionDate "2018.11.04"]
[SourceQuality "1"]

1. e4 c5 2. Nf3 Nc6 3. d4 cxd4 4. Nxd4 g6 5. c4 Bg7 6. Be3 Nf6 7. Nc3 d6 8. Be2 Bd7 9. Qd2 0-0 10. 0-0 a5 11. b3 Nxd4 12. Bxd4 Bc6 13. f3 Nd7 14. Be3 Nc5 15. Rab1 Qb6 16. Rfc1 Rfc8 17. Rc2 Be5 18. Kh1 Qd8 19. Bf1 h5 20. Qf2 Qf8 21. a3 Qg7 22. Nd5 Bxd5 23. exd5 f5 24. Qh4 Rf8 25. Bg5 Bf6 26. b4 axb4 27. Bxf6 Qxf6 28. Qxf6 Rxf6 29. axb4 Nd7 30. f4 b6 31. Re2 Kf8 32. Rbb2 Ra4 33. Re1 Rf7 34. Bd3 Nf6 35. h3 h4 36. Bc2 Ra3 37. Rb3 Ra2 38. Bb1 Ra4 39. Re2 Kg7 40. Ra2 Rxa2 41. Bxa2 Rf8 42. Ra3 Rb8 43. Ra7 Re8 44. Rb7 Ne4 45. Bb1 Nc3 46. Bc2 Kf6 47. Rxb6 Ra8 48. c5 Ra1+ 49. Kh2 Ne2 50. g3 hxg3+ 51. Kg2 Rg1+ 52. Kf3 Nd4+ 53. Ke3 Nxc2+ 54. Kd2 g2 55. cxd6 Rd1+ 56. Kxc2 g1Q 57. dxe7+ Kxe7 0-1

[Event "COL-ch"]
[Site "Bogota"]
[Date "2018.11.07"]
[Round "2"]
[White "Corredor Sanchez, Fabian Ricardo"]
[Black "Camargo, Maicol Indurain"]
[Result "1-0"]
[WhiteElo "2047"]
[BlackElo "1726"]
[PlyCount "85"]
[EventDate "2018.11.06"]
[EventType "swiss"]
[EventRounds "9"]
[EventCountry "COL"]
[SourceTitle "CBM 187 Extra"]
[Source "ChessBase"]
[SourceDate "2018.11.04"]
[SourceVersion "1"]
[SourceVersionDate "2018.11.04"]
[SourceQuality "1"]

1. e4 b6 2. d4 Bb7 3. Nc3 Nf6 4. Bd3 d5 5. e5 Ne4 6. Qf3 Nxc3 7. bxc3 e6 8. Qg4 Ba6 9. Ne2 h5 10. Qg3 Qc8 11. 0-0 Nc6 12. a4 Ne7 13. Qg5 Bxd3 14. cxd3 Nf5 15. Ba3 Qd8 16. Qd2 h4 17. Bxf8 Kxf8 18. a5 g5 19. axb6 cxb6 20. Ra6 g4 21. Rfa1 g3 22. fxg3 hxg3 23. Nxg3 Qh4 24. Nf1 b5 25. Rxa7 Rxa7 26. Rxa7 Kg7 27. g3 Qg4 28. Qf2 Rf8 29. Qf4 Qxf4 30. gxf4 b4 31. Ng3 Nxg3 32. hxg3 bxc3 33. Rc7 Ra8 34. Kf2 Ra3 35. Kf3 Kg6 36. g4 Ra1 37. Rxc3 Rf1+ 38. Kg3 Rg1+ 39. Kf3 Rf1+ 40. Ke3 Rg1 41. f5+ exf5 42. Rc6+ Kg5 43. gxf5 1-0

[Event "Bogota Mayores Alcaldia op 8th"]
[Site "Bogota"]
[Date "2018.06.11"]
[Round "7"]
[White "Garcia Alarcon, Alvaro"]
[Black "Corredor Sanchez, Fabian Ricardo"]
[Result "1-0"]
[WhiteElo "2175"]
[BlackElo "2113"]
[PlyCount "83"]
[EventDate "2018.06.08"]
[EventType "swiss"]
[EventRounds "7"]
[EventCountry "COL"]
[SourceTitle "CBM 184 Extra"]
[Source "ChessBase"]
[SourceDate "2018.06.28"]
[SourceVersion "1"]
[SourceVersionDate "2018.06.28"]
[SourceQuality "1"]

1. d4 d5 2. c4 e6 3. Nf3 Nf6 4. Nc3 Be7 5. Bg5 0-0 6. e3 Nbd7 7. Qc2 b6 8. cxd5 exd5 9. Bd3 Bb7 10. Ne5 h6 11. Nxd7 Qxd7 12. Bf5 Qd8 13. Bh4 Re8 14. 0-0 Ne4 15. Bxe7 Rxe7 16. Bxe4 dxe4 17. Rfc1 Qe8 18. b4 a6 19. Qb3 Rd8 20. Rc2 Kh8 21. Rac1 f5 22. Ne2 Rdd7 23. a4 g5 24. a5 f4 25. b5 f3 26. Ng3 Bd5 27. Qa3 axb5 28. axb6 c6 29. Rxc6 Bxc6 30. Rxc6 Kh7 31. gxf3 Re6 32. Rxe6 Qxe6 33. Nxe4 Rf7 34. Qc5 g4 35. Qh5 Rg7 36. d5 Qxb6 37. f4 Qg6 38. Qe5 Rf7 39. d6 Qf5 40. Qxf5+ Rxf5 41. d7 Rf8 42. Nf6+ 1-0

[Event "Bogota Mayores Alcaldia op 8th"]
[Site "Bogota"]
[Date "2018.06.10"]
[Round "4"]
[White "Martinez, Jorge Alexander"]
[Black "Corredor Sanchez, Fabian Ricardo"]
[Result "1-0"]
[WhiteElo "2265"]
[BlackElo "2113"]
[PlyCount "63"]
[EventDate "2018.06.08"]
[EventType "swiss"]
[EventRounds "7"]
[EventCountry "COL"]
[SourceTitle "CBM 184 Extra"]
[Source "ChessBase"]
[SourceDate "2018.06.28"]
[SourceVersion "1"]
[SourceVersionDate "2018.06.28"]
[SourceQuality "1"]

1. e4 c5 2. Nf3 Nc6 3. d4 cxd4 4. Nxd4 g6 5. Nc3 Bg7 6. Be3 d6 7. Bc4 Nf6 8. f3 Bd7 9. Bb3 0-0 10. h4 h5 11. Qd2 Qa5 12. Nxc6 bxc6 13. Bh6 Be6 14. 0-0-0 Rab8 15. Kb1 Rb7 16. g4 Rfb8 17. Bxg7 Kxg7 18. gxh5 Qxh5 19. f4 Bg4 20. Rde1 c5 21. e5 Ne8 22. Ka1 Rb4 23. Nd5 Rd4 24. Qa5 Bf3 25. Rhg1 Bxd5 26. c3 Bxb3 27. cxd4 Bd5 28. dxc5 dxc5 29. Qxc5 e6 30. Qe7 Qf3 31. f5 Qf2 32. Rxg6+ 1-0

[Event "COL-ch sf 2nd"]
[Site "Tunja"]
[Date "2018.04.20"]
[Round "6"]
[White "Agudelo, Pedro Luis"]
[Black "Corredor Sanchez, Fabian Ricardo"]
[Result "1/2-1/2"]
[WhiteElo "1900"]
[BlackElo "2133"]
[PlyCount "147"]
[EventDate "2018.04.17"]
[EventType "swiss"]
[EventRounds "10"]
[EventCountry "COL"]
[SourceTitle "CBM 184 Extra"]
[Source "ChessBase"]
[SourceDate "2018.06.28"]
[SourceVersion "1"]
[SourceVersionDate "2018.06.28"]
[SourceQuality "1"]

1. e4 d5 2. exd5 Qxd5 3. Nc3 Qa5 4. d4 Nf6 5. Nf3 Bg4 6. h3 Bh5 7. g4 Bg6 8. Ne5 c6 9. Bf4 e6 10. h4 Nbd7 11. Nc4 Qd8 12. h5 Be4 13. Nxe4 Nxe4 14. Bg2 Nef6 15. Nd6+ Bxd6 16. Bxd6 Nb6 17. Bg3 h6 18. c3 Nbd5 19. 0-0 0-0 20. Qe2 Qa5 21. a3 Rfe8 22. Be5 Nd7 23. c4 N5f6 24. b4 Qb6 25. c5 Qd8 26. Rfd1 Nxe5 27. dxe5 Nd5 28. Bxd5 exd5 29. f4 a6 30. Kg2 Qe7 31. Re1 a5 32. Kf3 axb4 33. axb4 Rxa1 34. Rxa1 f6 35. e6 Qxe6 36. Qxe6+ Rxe6 37. Ra7 Re7 38. b5 Kf7 39. bxc6 bxc6 40. Ra6 Rc7 41. Ke3 Ke6 42. f5+ Ke5 43. Ra8 d4+ 44. Kd3 Rd7 45. Ra4 Kf4 46. Ra6 Rc7 47. Kxd4 Kxg4 48. Ke4 Re7+ 49. Kd4 Kxf5 50. Rxc6 Kg5 51. Rd6 Kxh5 52. c6 Re1 53. Rd5+ Kg4 54. Rc5 Re8 55. c7 Rc8 56. Rc1 g5 57. Kd5 f5 58. Rg1+ Kf4 59. Rf1+ Kg3 60. Rg1+ Kf2 61. Rc1 f4 62. Ke4 Kg2 63. Rc2+ Kg3 64. Rc3+ Kg4 65. Rc1 Re8+ 66. Kd3 Rc8 67. Ke4 Kg3 68. Rc3+ Kg4 69. Rc1 Kh4 70. Kf3 Kh5 71. Rc6 g4+ 72. Kxf4 Rf8+ 73. Kg3 Rc8 74. Rc5+ 1/2-1/2

[Event "COL-ch sf 2nd"]
[Site "Tunja"]
[Date "2018.04.18"]
[Round "3"]
[White "Corredor Sanchez, Fabian Ricardo"]
[Black "Rios Parra, Alejandro"]
[Result "0-1"]
[WhiteElo "2133"]
[BlackElo "2302"]
[PlyCount "61"]
[EventDate "2018.04.17"]
[EventType "swiss"]
[EventRounds "10"]
[EventCountry "COL"]
[SourceTitle "CBM 184 Extra"]
[Source "ChessBase"]
[SourceDate "2018.06.28"]
[SourceVersion "1"]
[SourceVersionDate "2018.06.28"]
[SourceQuality "1"]

1. e4 Nf6 2. e5 Nd5 3. Bc4 Nb6 4. Bb3 d5 5. d4 Bf5 6. Nf3 e6 7. 0-0 c5 8. c3 Nc6 9. Re1 Bg4 10. Be3 Rc8 11. dxc5 Nd7 12. Bd4 Bxc5 13. Bxc5 Nxc5 14. h3 Bh5 15. Na3 a6 16. Nc2 0-0 17. g4 Bg6 18. Ncd4 Nd3 19. Re3 Nxb2 20. Qe2 Nc4 21. Bxc4 dxc4 22. Qb2 Nxd4 23. Nxd4 Qd5 24. Rae1 b5 25. h4 Rfd8 26. a3 Rb8 27. h5 Bd3 28. h6 gxh6 29. Rh3 Kh8 30. Rxh6 Rg8 31. f3 0-1

[Event "COL-ch sf 2nd"]
[Site "Tunja"]
[Date "2018.04.18"]
[Round "2"]
[White "Moreno, Juan Nicolas"]
[Black "Corredor Sanchez, Fabian Ricardo"]
[Result "0-1"]
[WhiteElo "1300"]
[BlackElo "2133"]
[PlyCount "44"]
[EventDate "2018.04.17"]
[EventType "swiss"]
[EventRounds "10"]
[EventCountry "COL"]
[SourceTitle "CBM 184 Extra"]
[Source "ChessBase"]
[SourceDate "2018.06.28"]
[SourceVersion "1"]
[SourceVersionDate "2018.06.28"]
[SourceQuality "1"]

1. e4 d5 2. exd5 Qxd5 3. Nc3 Qa5 4. Nf3 Nf6 5. h3 Bf5 6. d3 c6 7. Qe2 e6 8. Qe5 Qd8 9. Bf4 Bb4 10. a3 Nbd7 11. Qd4 Bc5 12. Qc4 b5 13. Qb3 Qb6 14. Nd1 Nd5 15. Bg3 0-0 16. Be2 e5 17. Nxe5 Nxe5 18. Bxe5 Rfe8 19. Bg3 Qa5+ 20. Nc3 Bd4 21. Kd2 Nxc3 22. bxc3 Bxc3+ 0-1

[Event "COL-ch"]
[Site "Palmira"]
[Date "2017.05.20"]
[Round "8"]
[White "Blandon Villa, Diego F"]
[Black "Corredor Sanchez, Fabian Ricardo"]
[Result "1/2-1/2"]
[WhiteElo "2263"]
[BlackElo "2083"]
[PlyCount "99"]
[EventDate "2017.05.15"]
[EventType "swiss"]
[EventRounds "10"]
[EventCountry "COL"]
[SourceTitle "CBM 178 Extra"]
[Source "ChessBase"]
[SourceDate "2017.06.22"]
[SourceVersion "1"]
[SourceVersionDate "2017.06.22"]
[SourceQuality "1"]

1. e4 d5 2. exd5 Qxd5 3. Nc3 Qa5 4. Nf3 Nf6 5. d4 Bg4 6. h3 Bh5 7. g4 Bg6 8. Ne5 c6 9. Bd2 Qd8 10. Be3 Nbd7 11. Bg2 e6 12. 0-0 Nxe5 13. dxe5 Qxd1 14. Raxd1 Nd7 15. f4 Bxc2 16. Rd2 Bg6 17. Rfd1 Bc5 18. Bxc5 Nxc5 19. b4 Na6 20. b5 Nb4 21. Rd7 Rb8 22. bxc6 bxc6 23. Rxa7 0-0 24. Rdd7 h5 25. Be4 Bxe4 26. Nxe4 hxg4 27. Ng5 Ra8 28. hxg4 Rxa7 29. Rxa7 Nd3 30. f5 Nxe5 31. fxe6 f6 32. Ne4 Re8 33. e7 Ng6 34. g5 fxg5 35. Rc7 Rxe7 36. Rxc6 Rxe4 37. Rxg6 Re5 38. Ra6 Kh7 39. Kf2 Re4 40. Kf3 Rc4 41. Kg3 g6 42. Ra8 g4 43. Kh4 Kg7 44. Rb8 Kf6 45. Rb5 Re4 46. a3 g5+ 47. Kg3 Ra4 48. Rb6+ Kf5 49. Rb5+ Kg6 50. Rb4 1/2-1/2

[Event "COL-ch"]
[Site "Palmira"]
[Date "2017.05.18"]
[Round "6"]
[White "Echavarria, Johann"]
[Black "Corredor Sanchez, Fabian Ricardo"]
[Result "1-0"]
[WhiteElo "2332"]
[BlackElo "2083"]
[PlyCount "99"]
[EventDate "2017.05.15"]
[EventType "swiss"]
[EventRounds "10"]
[EventCountry "COL"]
[SourceTitle "CBM 178 Extra"]
[Source "ChessBase"]
[SourceDate "2017.06.22"]
[SourceVersion "1"]
[SourceVersionDate "2017.06.22"]
[SourceQuality "1"]

1. d4 d5 2. c4 e6 3. Nc3 Nf6 4. cxd5 exd5 5. Bg5 Be7 6. e3 0-0 7. Bd3 Nbd7 8. Nge2 h6 9. Bh4 b6 10. 0-0 Bb7 11. f3 c5 12. Bf2 Bd6 13. Ng3 a6 14. Nf5 Bc7 15. Kh1 Re8 16. a3 Qb8 17. Bg1 g6 18. Nxh6+ Kg7 19. Ng4 Nh5 20. f4 cxd4 21. exd4 Rh8 22. Qf3 f5 23. Ne5 Ndf6 24. Be3 Ne4 25. Ne2 Nhf6 26. Rac1 Bd6 27. Rc2 Qd8 28. Rfc1 Rc8 29. Kg1 Qe7 30. h3 b5 31. Qf1 Rhd8 32. Rxc8 Rxc8 33. Rxc8 Bxc8 34. Qc1 Qc7 35. Qxc7+ Bxc7 36. Nc1 Nd6 37. Nb3 Nc4 38. Bc1 Bb6 39. Nc5 Ne4 40. b4 Nf6 41. Kf2 Bc7 42. Ke2 Bd6 43. Kd1 Bc7 44. Kc2 Bd6 45. Be2 Bc7 46. Bf3 Bd6 47. Kc3 Bc7 48. Nc6 Ne4+ 49. Bxe4 fxe4 50. Ne7 1-0

[Event "COL-ch"]
[Site "Palmira"]
[Date "2017.05.16"]
[Round "2"]
[White "Corredor Sanchez, Fabian Ricardo"]
[Black "Garavito, Miguel Angel"]
[Result "1/2-1/2"]
[WhiteElo "2083"]
[BlackElo "2264"]
[PlyCount "71"]
[EventDate "2017.05.15"]
[EventType "swiss"]
[EventRounds "10"]
[EventCountry "COL"]
[SourceTitle "CBM 178 Extra"]
[Source "ChessBase"]
[SourceDate "2017.06.22"]
[SourceVersion "1"]
[SourceVersionDate "2017.06.22"]
[SourceQuality "1"]

1. e4 e5 2. Bc4 Nf6 3. d3 c6 4. Nf3 d5 5. Bb3 Bd6 6. 0-0 0-0 7. exd5 Nxd5 8. Nbd2 Bc7 9. Re1 Nd7 10. Nc4 Re8 11. Bg5 f6 12. Bh4 b5 13. Ncd2 Nc5 14. d4 Nxb3 15. axb3 exd4 16. Nxd4 Bd7 17. Ne4 Qb8 18. Bg3 Bxg3 19. hxg3 Qb6 20. c3 Re7 21. Nd6 Qc7 22. Rxe7 Nxe7 23. Ne4 c5 24. Nc2 Bf5 25. Nd2 Rd8 26. Ne3 Bd3 27. Nf3 Be4 28. Qe2 Bd3 29. Qd2 Bc4 30. Qc2 Bf7 31. Rd1 g6 32. Rxd8+ Qxd8 33. Qd2 Qxd2 34. Nxd2 f5 35. f4 Kg7 36. Kf2 1/2-1/2

[Event "COL-ch"]
[Site "Palmira"]
[Date "2017.05.16"]
[Round "3"]
[White "Guerrero Sierra, Juan Carlos"]
[Black "Corredor Sanchez, Fabian Ricardo"]
[Result "0-1"]
[WhiteElo "2292"]
[BlackElo "2083"]
[PlyCount "64"]
[EventDate "2017.05.15"]
[EventType "swiss"]
[EventRounds "10"]
[EventCountry "COL"]
[SourceTitle "CBM 178 Extra"]
[Source "ChessBase"]
[SourceDate "2017.06.22"]
[SourceVersion "1"]
[SourceVersionDate "2017.06.22"]
[SourceQuality "1"]

1. e4 c5 2. Nf3 Nc6 3. Bb5 Nd4 4. Nxd4 cxd4 5. 0-0 a6 6. Bc4 g6 7. Qf3 e6 8. Qg3 Bg7 9. f4 Qc7 10. d3 Ne7 11. Nd2 0-0 12. Qh4 d5 13. Bb3 b5 14. Nf3 Bb7 15. Bd2 a5 16. a3 Rfe8 17. Ng5 h6 18. Nxf7 Kxf7 19. f5 exf5 20. exf5 Nxf5 21. g4 Re2 22. Bxa5 Rxa5 23. gxf5 Ra6 24. fxg6+ Kg8 25. Kh1 Rxg6 26. Rg1 Ree6 27. Rae1 Rxe1 28. Rxe1 Qf7 29. Qh3 Kh7 30. Rf1 Qe6 31. Qxe6 Rxe6 32. Rf5 Kg6 0-1

[Event "Bogota University op 9th"]
[Site "Bogota"]
[Date "2015.10.10"]
[Round "5"]
[White "De Arco, Luis Carlos"]
[Black "Corredor Sanchez, Fabian Ricardo"]
[Result "1-0"]
[WhiteElo "2283"]
[BlackElo "2096"]
[PlyCount "49"]
[EventDate "2015.10.08"]
[EventType "swiss"]
[EventRounds "9"]
[EventCountry "COL"]
[SourceTitle "CBM 168 Extra"]
[Source "ChessBase"]
[SourceDate "2015.10.29"]
[SourceVersion "1"]
[SourceVersionDate "2015.10.29"]
[SourceQuality "1"]

1. e4 d5 2. exd5 Qxd5 3. Nc3 Qa5 4. d4 Nf6 5. Nf3 Bg4 6. h3 Bh5 7. Bc4 e6 8. g4 Bg6 9. Ne5 c6 10. h4 Be4 11. Rh3 Nbd7 12. Nxd7 Kxd7 13. Bd2 Bb4 14. Qe2 Bd5 15. Bd3 h6 16. a3 Bd6 17. Ne4 Qb6 18. Nxd6 Qxb2 19. Rd1 Kxd6 20. c4 Qxd4 21. cxd5 cxd5 22. Bc4 Qb6 23. Rb3 Qd8 24. Bxd5 Nxd5 25. Bb4+ 1-0

[Event "Medellin Flores op 22nd"]
[Site "Medellin"]
[Date "2015.08.09"]
[Round "9"]
[White "Corredor Sanchez, Fabian Ricardo"]
[Black "Castaneda Jimenez, Jhon David"]
[Result "1-0"]
[WhiteElo "2056"]
[BlackElo "2211"]
[PlyCount "25"]
[EventDate "2015.08.05"]
[EventType "swiss"]
[EventRounds "9"]
[EventCountry "COL"]
[SourceTitle "EXT 2016"]
[Source "ChessBase"]
[SourceDate "2015.10.08"]
[SourceVersion "1"]
[SourceVersionDate "2015.10.08"]
[SourceQuality "1"]

1. e4 d6 2. d4 g6 3. Be3 Bg7 4. Qd2 b6 5. Nc3 Bb7 6. Bd3 Nd7 7. h4 Ngf6 8. f3 c6 9. Nge2 Qc7 10. a4 0-0 11. h5 Rfe8 12. hxg6 fxg6 13. Bh6 1-0